000 01010nam a2200277 a 4500
001 000021177
005 20240509185222.0
008 100901nuuuu es ab r 000 | spa d
040 _aDO-SdBNP
_bspa
_cBNPHU
082 _a551.7
_bT319t
100 1 _aTermier, H. y G.
_944268
240 1 3 _aLa trame géologique de l'histoire humaine.
_lEspañol
245 1 0 _aTrama geológica de la historia humana /
_cH Y G Termier; traducción de Fernando Gutiérrez.
260 _aBarcelona, (España) :
_bEditorial Labor,
_c[19?].
300 _a207 p. ; :
_bil., mapas ;
_c20 cm.
490 1 _aLabor
_v23
500 _aIncluye índice de nombres
500 _aIncluye referencias bibliográficas al pie de páginas
534 _aTítulo de la obra original :
_tLa trame géologique de l'histoire humaine
650 4 _aEstratigrafía
_944269
650 4 _aGeología histórica
_944270
650 0 _aAntropología
_985431
700 1 _aGutiérrez, Fernando
_etr.
_94139
830 0 _aLabor;
_v23
_95274
049 _aBNGR
999 _c20678
_d20678